000
00396nam a22001697a 4500
003
MPLRDC
005
20220104125638.0
008
210129b ||||| |||| 00| 0 eng d
082
_a
859.6 DYCB v.9
100
_a
孙幼军写; 田原画
245
_a
小贝流浪记
_c
250
_a
初版
260
_a
_b
东阳出版社
_c
1987
300
_b
平
650
_a
942
_c
BK
_o
859.6 DYCB v.9
999
_c
29010
_d
29000